| 000 | 00798nam a22002417a 4500 | ||
|---|---|---|---|
| 999 |
_c14261 _d14261 |
||
| 003 | MIRAKIL | ||
| 005 | 20201202113903.0 | ||
| 008 | 201202b tu ||||| |||| 00| 0 tur d | ||
| 040 |
_aTR-AnCHP _btur _cTR-AnCHP |
||
| 041 | _atur | ||
| 082 |
_a956.10154092 _bS33b [t.y] |
||
| 100 | _aSherrill, Charles N. | ||
| 245 |
_aGazi Mustafa Kemal/ _cCharles Sherrill ; çeviren Alp Ilgaz. |
||
| 260 |
_a[y. y.] _bTercüman, _c[t.y] |
||
| 300 |
_a236 s.: _c19 sm. |
||
| 490 | 0 |
_aTercüman 1001 Temel Eser; _v23. |
|
| 500 | _aDış kapakta yapıt adı: Bir elçiden Gazi Mustafa Kemal | ||
| 600 |
_aAtatürk, Mustafa Kemal _d1881-1938 _xAnılar |
||
| 650 |
_aSiyaset ve yönetim _xAnılar _zTürkiye |
||
| 651 |
_aTürkiye _xDış ilişkiler _zABD |
||
| 700 |
_aIlgaz, Alp _96631 _eçev. |
||
| 942 |
_2ddc _cBKS |
||